¡Viva mi tierra! (Record no. 156190)
[ view plain ]
| 000 -LEADER | |
|---|---|
| campo de control de longitud fija | 01082nam a2200217 i 4500 |
| 001 - NÚMERO DE CONTROL | |
| campo de control | 156190 |
| 003 - IDENTIFICADOR DE NÚMERO DE CONTROL | |
| campo de control | ES-MaACL |
| 005 - FECHA Y HORA DE LA ÚLTIMA TRANSACCIÓN | |
| campo de control | 20230906210336.0 |
| 008 - DATOS DE LONGITUD FIJA--INFORMACIÓN GENERAL | |
| campo de control de longitud fija | 020417s1884 sp |||| | spa d |
| 040 ## - FUENTE DE CATALOGACIÓN | |
| Centro catalogador/agencia de origen | CAM |
| Lengua de catalogación | spa |
| Centro/agencia transcriptor | CAM |
| 100 1# - ENTRADA PRINCIPAL--NOMBRE DE PERSONA | |
| Nombre de persona | Jackson Veyán, José. |
| 9 (RLIN) | 65824 |
| 245 11 - MENCIÓN DEL TÍTULO | |
| Título | ¡Viva mi tierra! |
| Resto del título | : potpourrit fantástico - cómico - histórico - lírico - político bailable, en dos actos y once cuadros, en prosa y verso / |
| Mención de responsabilidad, etc. | original de José Jackson Veyan y José de la Cuesta; música de los maestros A. Rubio y C. Espino. |
| 260 ## - PUBLICACIÓN, DISTRIBUCIÓN, ETC. | |
| Lugar de publicación, distribución, etc. | Madrid : |
| Nombre del editor, distribuidor, etc. | [s.n.], |
| Fecha de publicación, distribución, etc. | 1884 ( |
| Fabricante | establecimiento tipográfico de M.P. Montoya y Compañía) |
| 300 ## - DESCRIPCIÓN FÍSICA | |
| Extensión | 54 p. ; |
| Dimensiones | 20 cm. |
| 500 ## - NOTA GENERAL | |
| Nota general | Estrenado en el Teatro y Circo del Príncipe Alfonso, en la noche del 31 de julio de 1884. |
| 596 ## - NOTA AL PIE DE IMPRENTA | |
| NOTA AL PIE DE IMPRENTA | En verso de antep. consta: "... de la Biblioteca Lírico-dramática de Enrique Arregui ..." |
| 700 11 - ENTRADA AGREGADA--NOMBRE PERSONAL | |
| Nombre de persona | Cuesta, José de la. |
| 9 (RLIN) | 126662 |
| 700 0# - ENTRADA AGREGADA--NOMBRE PERSONAL | |
| Nombre de persona | Rubio, Angel. |
| 9 (RLIN) | 100337 |
| 700 1# - ENTRADA AGREGADA--NOMBRE PERSONAL | |
| Nombre de persona | Espino, Casimiro. |
| 9 (RLIN) | 126964 |
| 852 ## - LOCALIZACIÓN | |
| Ubicación | ES-MaACL |
| Número de control de estantería | F-4096(3) |
| Nota libre | -- Enc. hol. |
| condición física | -- Falto de la cub. original |
| Estatus retirado | Estado de pérdida | Estado de daño | No para préstamo | Colección | Biblioteca de origen | Biblioteca actual | Ubicación en estantería | Fecha de adquisición | Total de préstamos | Signatura topográfica completa | Código de barras | Visto por última vez | Precio de reemplazo | Tipo de ítem Koha |
|---|---|---|---|---|---|---|---|---|---|---|---|---|---|---|
| Libros del s. XIX | Biblioteca del Ateneo de Madrid | Biblioteca del Ateneo de Madrid | Depósito 2 | 17/01/2008 | F-4096(3) | 1163402 | 23/02/2023 | 23/02/2023 | Libro impreso antiguo |
